LEADER 00929nam0 2200277 450 001 000007457 005 20070206141526.0 010 $a88-7524-099-X 100 $a20070206d2006----km-y0itay50------ba 101 0 $aita 102 $aIT 105 $ay-------001yy 200 1 $aAtti e delibere delle società di capitali$eformalità, procedure e adempimenti$egiurisprudenza e prassi notarile$fGiuseppe Stassano 210 $aTorino$cG. Giappichelli$d2006 215 $aIX, 219 p.$d23 cm 225 2 $aLinea professionale 410 0$12001$aLinea professionale 610 1 $aSocietà di capitali$aAssemblee$aGiurisprudenza 610 1 $aDiritto commerciale 676 $a346.450662$v20 700 1$aStassano,$bGiuseppe$0105680 801 0$aIT$bUNIPARTHENOPE$c2006$gRICA$2UNIMARC 912 $a000007457 951 $aO-0056$b39024$cNAVA3$d2007 996 $aAtti e delibere delle società di capitali$91205583 997 $aUNIPARTHENOPE LEADER 03142nam0 22006253i 450 001 RAV0151244 005 20251003044325.0 010 $a8845300064 020 $aIT$b751382 100 $a20210809d1974 ||||0itac50 ba 101 | $aita$ceng 102 $ait 181 1$6z01$ai $bxxxe 182 1$6z01$an 183 1$6z01$anc$2RDAcarrier 200 1 $aTeoria ed applicazioni delle matrici$fFrank Ayres jr 210 $aMilano$cEtas libri$d1974 215 $a218 p.$d27 cm 225 | $aCollana Schaum$v9 300 $aIn cop.: 340 esercizi risolti 300 $aTrad. di Walter Molon 300 $aed. 1977, 1978, 1985, 1992 sono ristampe. 410 0$1001CFI0001963$12001 $aCollana Schaum$v9 500 10$aSchaum's outline of theory and problems of matrices$3RAV0151247$9RAVV061797$9437084 517 1 $aMatrici$9RAV0151250 606 $aMATRICI$2FIR$3NAPC021826$9I 606 $aMatrici $xEsercizi$2FIR$3CFIC018180$9I 676 $a512.9$9$v12 676 $a512.9$9FONDAMENTI DELL'ALGEBRA$v14 676 $a512.943$9TEORIA DELLE EQUAZIONI. DETERMINANTI E MATRICI$v21 676 $a512.9434$9ALGEBRA SCOLASTICA. MATRICI$v19 676 $a512.9434$9MATRICI$v20 676 $a512.9434$9TEORIA DELLE EQUAZIONI. MATRICI$v21 676 $a512.9434$9FONDAMENTI DELL'ALGEBRA. MATRICI$v22 676 $a513.076$9Geometria. Prontuari scolastici ed esercizi$v14 700 1$aAyres$b, Frank$3RAVV061797$4070$0110 702 1$aMolon$b, Walter$3CFIV043647 702 1$aMolon$b, Walter$3CFIV043647$4730 790 1$aWalter$b, M.$c $3CFIV145283$zMolon, Walter 790 1$aWalter$b, M.$c $3CFIV145283$zMolon, Walter 790 1$aAyres$b, Frank$c $3CFIV149202$zAyres, Frank 801 3$aIT$bIT-000000$c20210809 850 $aIT-BN0095 $aIT-NA0614 $aIT-NA0299 $aIT-AV0007 $aIT-NA0457 $aIT-NA0079 $aIT-AV0045 901 $bNAP 01$cLT $n$ 901 $bNAP AV$cSALA C $nSala consultazione 901 $bNAP BI$cSALA 3 $nLibri da 1597 a 3785 901 $bNAP 16$cBIBLIOTECA$nComprende materiale librario e multimediale di vario argomento 901 $bNAP 01$cSALA DING $n$ 901 $bNAP BN$cS.MOD $nLa consegna dei documenti è effettuata dall'Ufficio Distribuzione 901 $bNAP AG$cI $n$ 912 $aRAV0151244 950 0$aBiblioteca Centralizzata di Ateneo$c1 v.$d 01LT (AR) 10 B 935$e 01AR 0700109355 VMA 1 v.$fB $h20140206$i20140206$c1 v.$d 01LT (AR) 10 B 937$e 01AR 0700109375 VMA A4 1 v.$fB $h20190516$i20190516$c1 v. in due copie$d 01LT (AR) 10 B 936$e 01AR 0700109365 VMA (bis 1 v. (2. copia)$fY $h20140206$i20140206$c1 v.$d 01SALA DING 512.9 AYR.ma$e 0102 0000098845 VMA A4 1 v.$fY $h20141007$i20141008 977 $a 01$a 16$a AG$a AV$a BI$a BN$a MV 996 $aSchaum's outline of theory and problems of matrices$9437084 997 $aUNISANNIO LEADER 01047nam0 22002891i 450 001 UON00424978 005 20231205104843.271 010 $a31-290-8580-7 100 $a20130521d1976 |0itac50 ba 101 $ager 102 $aDE 105 $a|||| ||||| 200 1 $aSprache in Texten$fHarald Weinrich 210 $aStuttgart$cErnst Klett Verlag$d1976 215 $a356 p.$d21 cm. 606 $aLINGUE$xStudi$3UONC083832$2FI 606 $aLinguistica testuale$3UONC029220$2FI 620 $aDE$dWiesbaden$3UONL003153 676 $a410$cLinguistica$v21 700 1$aWEINRICH$bHarald$3UONV062583$0132589 712 $aKlett$3UONV253613$4650 801 $aIT$bSOL$c20260220$gRICA 899 $aSIBA - SISTEMA BIBLIOTECARIO DI ATENEO E ARCHIVIO STORICO$2UONSI 912 $aUON00424978 950 $aSIBA - SISTEMA BIBLIOTECARIO DI ATENEO E ARCHIVIO STORICO$dSI TED 14 a WEI 04 $eSI LO 10074 5 04 $sBuono 996 $aSprache in texten$939423 997 $aUNIOR